[Event "Game"]
[Site "http://www.queenalice.com/game.php?id=343919"]
[Date "2008.1.27"]
[Round "-"]
[White "rgoncalves"]
[Black "Zugzwang"]
[Result "0-1"]
[WhiteElo "1516"]
[BlackElo "1425"]

1. e4 c5 2. d4 cxd4 3. Qxd4 Nc6 4. Qd1 Nf6 5. Nc3 e6 6. Nf3 Bb4 7. Bd3 d5 8. O-O
Bxc3 9. bxc3 dxe4 10. Bb5 Qxd1 11. Rxd1 exf3 12. g3 O-O 13. Bxc6 bxc6 14. Ba3
Re8 15. Rab1 Ba6 16. Rd6 Bb7 17. Rxb7 Rac8 18. Rxa7 Rb8 19. h3 Rb1+ 20. Kh2 Rf1
21. Bc5 Ne4 22. Rxc6 Nxc5 23. Rxc5 Rxf2+ 24. Kg1 Rg2+ 25. Kf1 Rxg3 26. Rac7 Rxh3
27. Rc8 Kf8 28. Kf2 f6 29. a4 e5 30. Rxe8+ Kxe8 31. a5 Rh2+ 32. Kxf3 Kd7 33. a6
Rxc2 34. Ra5 Rxc3+ 35. Ke4 Rc8 0-1

[Event "Game"]
[Site "http://www.queenalice.com/game.php?id=343920"]
[Date "2008.1.27"]
[Round "-"]
[White "Zugzwang"]
[Black "rgoncalves"]
[Result "1-0"]
[WhiteElo "1366"]
[BlackElo "1514"]

1. e4 d5 2. exd5 Qxd5 3. Nc3 Qd8 4. d4 e6 5. Nf3 Nf6 6. Bd3 Nc6 7. Be3 Bb4 8.
O-O Bxc3 9. bxc3 a5 10. Ne5 O-O 11. Nxc6 bxc6 12. Rb1 Bd7 13. Bf4 Nd5 14. Bd2
Qf6 15. Qh5 g6 16. Qe5 Qxe5 17. dxe5 c5 18. f3 f5 19. exf6 Nxf6 20. Be3 Nd5 21.
Bxc5 Rf4 22. c4 Nc3 23. Rb7 a4 24. Rxc7 Rf7 25. Ra1 a3 26. Bb4 Na4 27. Bxa3 Nb6
28. Bc5 Ra6 29. Rb7 Na4 30. Rb8+ Kg7 31. Bd4+ Kh6 32. Rg8 Rd6 33. Be3+ Kh5 34.
Bxg6+ 1-0

[Event "Game"]
[Site "http://www.queenalice.com/game.php?id=343931"]
[Date "2008.1.27"]
[Round "-"]
[White "Hapless"]
[Black "Zugzwang"]
[Result "0-1"]
[WhiteElo "1625"]
[BlackElo "1451"]

1. d4 Nf6 2. c4 e6 3. e3 Bb4+ 4. Bd2 c5 5. Bxb4 cxb4 6. Qa4 Nc6 7. Qb3 O-O 8. d5
exd5 9. cxd5 Na5 10. Qxb4 Nxd5 11. Qc5 Nf6 12. Bd3 b6 13. Qc2 Bb7 14. f3 Qe7 15.
Ne2 Qxe3 16. Qc3 Rac8 17. Qd2 Rfe8 18. Qxe3 Rxe3 19. Bf5 Rce8 20. Nc3 Ba6 21.
O-O Bxe2 22. Nxe2 Rxe2 23. b3 Nd5 24. Bxd7 R8e7 25. Bb5 R2e5 26. Bc4 Nxc4 27.
bxc4 Ne3 28. Rfc1 Nf5 29. a4 a5 30. Rd1 h6 31. Rd8+ Kh7 32. Rb8 Re1+ 33. Rxe1
Rxe1+ 34. Kf2 Re6 35. g4 Nd6 36. Rxb6 Nxc4 37. Rxe6 fxe6 38. Kg3 Kg6 39. Kf4 Nb2
40. Ke5 Nxa4 41. Kxe6 Nc5+ 42. Kd5 a4 43. Kxc5 a3 44. Kb4 a2 45. Kb3 a1=Q 46.
Kc4 Qf1+ 47. Kd5 Qxf3+ 48. Ke6 Qxg4+ 49. Kd6 Kf6 0-1

[Event "Game"]
[Site "http://www.queenalice.com/game.php?id=343932"]
[Date "2008.1.27"]
[Round "-"]
[White "Zugzwang"]
[Black "Hapless"]
[Result "1-0"]
[WhiteElo "1394"]
[BlackElo "1604"]

1. e4 e6 2. d4 d5 3. Nc3 c5 4. exd5 exd5 5. Bb5+ Nc6 6. Nf3 a6 7. Bxc6+ bxc6 8.
O-O cxd4 9. Re1+ Be7 10. Nxd4 Qc7 11. Bg5 f6 12. Bh4 Nh6 13. Qh5+ Kd8 14. Re6
Bxe6 15. Nxe6+ Kd7 16. Nxc7 Kxc7 17. Bg3+ Kb7 18. Re1 Bb4 19. a3 Bxc3 20. bxc3
a5 21. Re7+ Kb6 22. Bc7+ Ka6 23. Rxg7 Rae8 24. g3 Re1+ 25. Kg2 Ng8 26. Rxh7 1-0

[Event "Game"]
[Site "http://www.queenalice.com/game.php?id=343939"]
[Date "2008.1.27"]
[Round "-"]
[White "Zugzwang"]
[Black "rob0330"]
[Result "1-0"]
[WhiteElo "1366"]
[BlackElo "1786"]

1. e4 e5 2. Nf3 Nc6 3. Bb5 f5 4. Nc3 Nf6 5. exf5 d5 6. Nxe5 Qe7 7. d4 Bd7 8. O-O
Nxe5 9. dxe5 Bxb5 10. exf6 Qc5 11. Qh5+ g6 12. fxg6 O-O-O 13. g7 d4 14. Qxc5
Bxc5 15. gxh8=Q Rxh8 16. Nxb5 1-0

[Event "Game"]
[Site "http://www.queenalice.com/game.php?id=343940"]
[Date "2008.1.27"]
[Round "-"]
[White "rob0330"]
[Black "Zugzwang"]
[Result "0-1"]
[WhiteElo "1799"]
[BlackElo "1366"]

1. c4 Nf6 2. Nc3 g6 3. e4 e5 4. f4 d6 5. Nf3 Nc6 6. d4 exd4 7. Nxd4 Nxe4 8. Nxe4
Qe7 9. Nxc6 Qxe4+ 10. Qe2 Qxe2+ 11. Bxe2 bxc6 12. O-O c5 13. b3 Bg7 14. Rb1 Bf5
15. Bb2 Bxb1 16. Bxg7 Rg8 17. Bf6 Bxa2 18. Re1 Kf8 19. Bd1 Re8 20. Rf1 Bb1 21.
h3 Bd3 22. Bf3 Bxf1 23. Kxf1 Re6 24. Bc3 f6 25. Bd5 Re3 26. Bxg8 Rxc3 27. Bxh7
Kg7 0-1

[Event "r0x"]
[Site "http://www.queenalice.com/game.php?id=365224"]
[Date "2008.3.4"]
[Round "-"]
[White "DrIgO"]
[Black "Zugzwang"]
[Result "0-1"]
[WhiteElo "1100"]
[BlackElo "1448"]

1. d4 Nf6 2. d5 e6 3. d6 Bxd6 4. e3 O-O 5. Bc4 Bb4+ 6. c3 d5 7. Bb3 Bc5 8. Nf3
Nc6 9. O-O e5 10. Ng5 Ng4 11. e4 d4 12. Nxf7 Rxf7 13. Qf3 Qe7 14. Bg5 Nf6 15.
cxd4 Bxd4 16. Qg3 Nxe4 17. Bxf7+ Qxf7 18. Qh4 Nxg5 19. Qxg5 Bxb2 20. Nd2 Bxa1
21. Rxa1 h6 22. Qe3 Be6 23. Rb1 b6 24. Qe4 Rd8 25. Qxc6 Rxd2 26. Qa8+ Kh7 27.
Qe4+ Qg6 28. Qb4 Bh3 29. Qxd2 Qxg2# 0-1

[Event "More chess!!!"]
[Site "http://www.queenalice.com/game.php?id=365243"]
[Date "2008.3.4"]
[Round "-"]
[White "JhonDie"]
[Black "Zugzwang"]
[Result "1-0"]
[WhiteElo "1826"]
[BlackElo "1502"]

1. e4 c5 2. Bc4 Nf6 3. d3 e6 4. Nf3 d5 5. Bb5+ Bd7 6. Bxd7+ Qxd7 7. O-O Bd6 8.
e5 Be7 9. exf6 Bxf6 10. c3 O-O 11. Bg5 Bxg5 12. Nxg5 h6 13. Nf3 Qb5 14. Qc2 Nc6
15. Nbd2 Rad8 16. a4 Qb6 17. Rfb1 a5 18. c4 d4 19. Re1 Rfe8 20. Ne5 Nxe5 21.
Rxe5 f6 22. Re4 f5 23. Re5 Qd6 24. Rae1 b6 25. f4 Qc6 26. b3 Qd7 27. Nf3 Qf7 28.
Qe2 Rd6 29. Nd2 g5 30. Qf3 g4 31. Qf2 Qf6 32. g3 Kh7 33. Nb1 Qf7 34. Na3 Qd7 35.
R1e2 h5 36. Qg2 Kg6 37. h3 gxh3 38. Qxh3 Qf7 39. Qh4 Qe7 40. Kh2 Qxh4+ 41. gxh4
Kf6 42. Nb5 Rd7 43. Rg2 Rh7 44. Rg5 Ree7 45. Kh3 Kf7 46. Re2 Kf6 47. Kg3 Kf7 48.
Kf3 Kf6 49. Reg2 Kf7 50. Nd6+ Kf6 51. Rg6# 1-0

[Event "Practice chess!!!"]
[Site "http://www.queenalice.com/game.php?id=365247"]
[Date "2008.3.4"]
[Round "-"]
[White "Zugzwang"]
[Black "JhonDie"]
[Result "1-0"]
[WhiteElo "1476"]
[BlackElo "1766"]

1. e4 Nc6 2. d4 d5 3. exd5 Qxd5 4. Nc3 Qxd4 5. Bd3 Nf6 6. Nf3 Bg4 7. O-O g6 8.
h3 Bxf3 9. Qxf3 Bg7 10. Be3 Qb4 11. Rab1 O-O 12. a3 Ne5 13. axb4 Nxf3+ 14. gxf3
a6 15. Bc4 c6 16. Rfd1 b5 17. Bb3 Rfc8 18. Ne4 Ne8 19. c4 Rd8 20. cxb5 Rxd1+ 21.
Rxd1 axb5 22. Rd7 e6 23. Ng5 Nf6 24. Rxf7 Nd5 25. Rd7 Bxb2 26. Nxe6 Ra1+ 27. Kg2
Bc3 28. Bh6 Rb1 29. Bxd5 cxd5 30. Ng5 Bf6 31. Rf7 Bxg5 32. Rf8# 1-0

[Event "Let's Play Chess!"]
[Site "http://www.queenalice.com/game.php?id=368532"]
[Date "2008.3.10"]
[Round "-"]
[White "TcheRenato"]
[Black "Zugzwang"]
[Result "1-0"]
[WhiteElo "2229"]
[BlackElo "1504"]

1. e4 c5 2. Nc3 Nc6 3. Nf3 e5 4. Nd5 Nf6 5. Bb5 Bd6 6. O-O O-O 7. Re1 a6 8. Bc4
b5 9. Nxf6+ Qxf6 10. Bd5 Bb7 11. d3 h6 12. g3 Rab8 13. Nh4 Nb4 14. Bb3 a5 15. a4
bxa4 16. Bxa4 Bc6 17. c3 Bxa4 18. Rxa4 Nc6 19. Qg4 Rfd8 20. Nf5 Kh7 21. h4 Bf8
22. h5 d6 23. Kg2 Qe6 24. Rd1 Qb3 25. Ra1 a4 26. Ra3 Qb5 27. c4 Qb4 28. Be3 Qxb2
29. Rda1 Ra8 30. Qd1 Rdb8 31. Rxa4 Rxa4 32. Rxa4 Qb7 33. Qf3 g6 34. Nh4 Qb3 35.
Qxf7+ Bg7 36. hxg6+ Kh8 37. Bxh6 Rg8 38. Bxg7+ Rxg7 39. Qf8+ Rg8 40. Qh6# 1-0

[Event "Let's Play Chess!"]
[Site "http://www.queenalice.com/game.php?id=368533"]
[Date "2008.3.10"]
[Round "-"]
[White "Zugzwang"]
[Black "TcheRenato"]
[Result "0-1"]
[WhiteElo "1504"]
[BlackElo "2228"]

1. e4 d5 2. Nc3 d4 3. Nce2 Nf6 4. Nf3 Nc6 5. Ng3 e5 6. Bc4 Be6 7. Bxe6 fxe6 8.
d3 Qd7 9. Bg5 O-O-O 10. O-O Kb8 11. a3 a6 12. h3 h6 13. Bxf6 gxf6 14. Nh5 Be7
15. Qd2 Qe8 16. Ng3 h5 17. Rfd1 h4 18. Ne2 Qg6 19. c3 Rhg8 20. Ne1 f5 21. exf5
Qxf5 22. Kf1 Bg5 23. Qc2 Rdf8 24. Nf3 Bh6 25. Neg1 Qg6 26. Nxh4 Qg3 27. Qe2 Qxh4
28. Nf3 Qe7 29. Qe4 Rf6 30. cxd4 Qg7 31. Nh4 Nxd4 32. g4 Rgf8 33. Re1 Rf4 34.
Qg2 Bg5 35. b4 Bxh4 36. Ra2 Rxf2+ 37. Rxf2 Rxf2+ 38. Qxf2 Bxf2 39. Kxf2 Qf6+ 0-1

[Event "Dominicini"]
[Site "http://www.queenalice.com/game.php?id=376431"]
[Date "2008.3.24"]
[Round "3"]
[White "Rusty"]
[Black "Zugzwang"]
[Result "0-1"]
[WhiteElo "2347"]
[BlackElo "1546"]

1. d4 Nf6 2. c4 e6 3. Nc3 Bb4 4. Qc2 O-O 5. a3 Bxc3+ 6. Qxc3 d5 7. Bg5 Nbd7 8.
cxd5 exd5 9. e3 c6 10. Nf3 h6 11. Bh4 g5 12. Bg3 Ne4 13. Qc2 h5 14. Nd2 h4 15.
Nxe4 dxe4 16. Bd6 Re8 0-1

[Event "AUTO-OPEN-1107"]
[Site "http://www.queenalice.com/game.php?id=393638"]
[Date "2008.4.26"]
[Round "1"]
[White "alexsoncini"]
[Black "Zugzwang"]
[Result "0-1"]
[WhiteElo "2021"]
[BlackElo "1605"]

1. e4 e5 2. Nf3 Nc6 3. Bb5 Nf6 4. Nc3 Bc5 5. O-O O-O 6. d3 Nd4 7. Bg5 c6 8. Bxf6
Qxf6 9. Bc4 b5 10. Bb3 a5 11. a4 Nxb3 12. cxb3 b4 13. Ne2 Re8 14. Rc1 Bb6 15.
Re1 Bb7 16. Ng3 d6 17. Qd2 Qe6 18. Nf5 Qg6 19. Qg5 Qxg5 20. Nxg5 Bc5 21. Kf1 f6
22. Nf3 Rad8 23. d4 exd4 24. N5xd4 Bxd4 25. Nxd4 c5 26. Nb5 Bxe4 27. Red1 Rd7
28. Rxd6 Bd3+ 29. Rxd3 Rxd3 30. f3 Red8 31. Rxc5 Rxb3 32. Kf2 Rd2+ 33. Kg3 Rbxb2
34. Na7 Rxg2+ 35. Kf4 Rbc2 36. Rxa5 b3 37. Rb5 b2 38. a5 Rg1 39. a6 b1=Q 0-1

[Event "AUTO-OPEN-1107"]
[Site "http://www.queenalice.com/game.php?id=393639"]
[Date "2008.4.26"]
[Round "1"]
[White "Zugzwang"]
[Black "alexsoncini"]
[Result "1/2-1/2"]
[WhiteElo "1591"]
[BlackElo "2035"]

1. e4 e5 2. Nf3 Nc6 3. Bc4 Bc5 4. O-O Nf6 5. d3 h6 6. Nc3 a6 7. Nd5 d6 8. Be3
Bg4 9. Bxc5 dxc5 10. h3 Bh5 11. Nxf6+ Qxf6 12. c3 Bxf3 13. Qxf3 Qxf3 14. gxf3 g5
15. Kh1 Ke7 16. a3 Nd8 17. Rg1 Ne6 18. Bxe6 Kxe6 19. c4 f5 20. b3 Rad8 21. Rad1
Rd4 22. exf5+ Kxf5 23. Rg4 Re8 24. Kg2 h5 25. Rxd4 exd4 26. b4 cxb4 27. axb4 Re2
28. Ra1 Rb2 29. Ra4 Rb3 30. b5 axb5 31. cxb5 Rxd3 32. Rc4 c6 33. bxc6 bxc6 34.
Rxc6 Rc3 35. Rd6 d3 36. Rd5+ Kf6 37. f4 gxf4 38. Kf3 d2+ 39. Kxf4 Rxh3 40. Rxd2
1/2-1/2

[Event "AUTO-OPEN-1107"]
[Site "http://www.queenalice.com/game.php?id=393667"]
[Date "2008.4.26"]
[Round "1"]
[White "Zugzwang"]
[Black "PawnOne"]
[Result "1-0"]
[WhiteElo "1521"]
[BlackElo "1735"]

1. e4 e5 2. f4 exf4 3. Nf3 g5 4. Bc4 Bg7 5. c3 d6 6. d4 Bg4 7. O-O Nf6 8. Qb3
O-O 9. Nxg5 Qe7 10. Bxf7+ Rxf7 11. Nxf7 c6 12. Ng5+ d5 13. Rxf4 Be6 14. Nxe6
Qxe6 15. Qxb7 Nxe4 16. Qxa8 Nf6 17. Qxb8+ Bf8 18. Qxa7 Ng4 19. Qa8 Nf6 20. b3
Qe7 21. c4 h6 22. Qxc6 Bg7 23. cxd5 Ng4 24. Bd2 Ne3 25. Qc8+ Kh7 26. Nc3 Bxd4
27. Rxd4 Nc2 28. Qf5+ 1-0

[Event "AUTO-OPEN-1107"]
[Site "http://www.queenalice.com/game.php?id=393686"]
[Date "2008.4.26"]
[Round "1"]
[White "Zugzwang"]
[Black "jw16js"]
[Result "1-0"]
[WhiteElo "1501"]
[BlackElo "1604"]

1. e4 e5 2. Nf3 Bd6 3. Bc4 a6 4. O-O b5 5. Bd5 Ra7 6. a3 a5 7. Nc3 c6 8. Ba2 a4
9. d4 Nf6 10. dxe5 Bxe5 11. Nxe5 Qe7 12. Bxf7+ Kd8 13. Bf4 Ba6 14. Bh5 b4 15.
Nf7+ Kc8 16. Nxh8 Bc4 17. Bd6 Qd8 18. Nf7 Qb6 19. Bxb4 Bxf1 20. Kxf1 c5 21. e5
cxb4 22. Nd6+ Kc7 23. Ncb5+ Kc6 24. Bf3+ Kc5 25. Qd4# 1-0

[Event "AUTO-OPEN-1107"]
[Site "http://www.queenalice.com/game.php?id=393687"]
[Date "2008.4.26"]
[Round "1"]
[White "jw16js"]
[Black "Zugzwang"]
[Result "0-1"]
[WhiteElo "1543"]
[BlackElo "1576"]

1. e4 c5 2. Bc4 Nf6 3. Qf3 Nc6 4. d3 Nd4 5. Qd1 d5 6. exd5 Nxd5 7. f3 e6 8. Ne2
Qh4+ 9. Ng3 Nxf3+ 10. Qxf3 Bd6 11. O-O Qd4+ 12. Kh1 O-O 13. c3 Qh4 14. Kg1 Nf6
15. Kf2 Ng4+ 16. Ke1 Nxh2 17. Qe2 Nxf1 18. Qxf1 Bxg3+ 19. Kd1 Qg4+ 20. Kc2 Bd7
21. Nd2 b5 22. Bb3 a5 23. a3 a4 24. Ba2 c4 25. d4 e5 26. b4 Bf5+ 27. Kb2 exd4
28. Qf3 dxc3+ 29. Qxc3 Rfe8 30. Qf3 Qd4+ 31. Qc3 Qxc3+ 32. Kxc3 Be5# 0-1